Portugalskie miasta - nagła śmierć - Statystyki

Ogólne statystyki
  • Ten quiz został rozwiązany 168 razy
  • Średni wynik to 6 z 7
Answers on the Grid
Answers color-coded by a green-red scale on the quiz's grid according to % correct below.
Lizbona
Paryż
Porto
Faro
Madryt
Kair
Sintra
Braga
Rabat
Setúbal
Marsylia
Ankara
Malaga
Cascais
Bogota
Zagrzeb
 
Statystyki odpowiedzi
Odpowiedź % Poprawnych
Lizbona
100%
Porto
97%
Faro
93%
Braga
89%
Cascais
85%
Setúbal
84%
Sintra
84%
Nie znaleziono quizów pasujących do podanych kryteriów
Rozkład punktacji
Procent ludzi z każdym wynikiem
Percentyl według liczby udzielonych odpowiedzi
Twoja historia wyników
Nie rozwiązałeś tego quizu